| 000 | 00595nam a2200217Ia 4500 | ||
|---|---|---|---|
| 003 | OSt | ||
| 005 | 20230502154925.0 | ||
| 008 | 210423s2020 xx 000 0 und d | ||
| 020 | _a978-9-402-41958-0 | ||
| 040 | _cAL | ||
| 041 | _aeng | ||
| 082 |
_a546 _223 _bBATI |
||
| 100 |
_aBATSANOV (Stepan S); BATSANOV (Andrei) _996386 |
||
| 245 | _aIntroduction to structural chemistry | ||
| 260 |
_aNew York _bSpringer Verlag _c2020 |
||
| 300 |
_ax,542 _bHB |
||
| 365 |
_b3495 _cINR |
||
| 650 |
_aInorganic Chemistry _996387 |
||
| 906 | _achemistry ; Introduction ; structural | ||
| 942 |
_2ddc _cBK |
||
| 999 |
_c170717 _d170717 |
||